00681nam 22001813 4500001000700000090001100007100004100018101000800059102000700067200005700074300005900131461008900190606005300279700003200332801001800364990001200382995010500394202442 a202442 a20250918d u||y0pory50 ba apor aPT aManoel de OliveirafAlmeida Fariaefilmare la parola aSeparata em Literatura Portuguesa em Língua Italiana tEstratto di «Estudos Italianos em Portugal» nº 51/52/53 -1988/89/90h[73] - 86 p. 93661aCrítica Literária.Estudos Literários 91040aFariabAlmeidaf1943- aPTbBMMNgRPC cARTIGOS 002052026-06-05932216bBMMNcBMMNf31931k82.09 FAR|SAFo0rARTIGOSuAcesso Condicionado1sOferta